000 00611pam a2200205 a 4500
020 _a0812963369 (pbk.) :
040 _cDLC
082 0 0 _a581 N.Y 1984 C141 Or.
100 1 _aKrochmal, Arnold,
245 1 2 _aA field guide to medicinal plants /
250 _aUpdated Times Books pbk. ed.
260 _aNew York, N.Y. :
_bTimes Books,
_c1984.
300 _a274 p. :
_bill. ;
_c24 cm.
500 _aIncludes indexes.
650 0 _aMedicinal plants
650 0 _aMateria medica, Vegetable
700 1 _aKrochmal, Connie.
856 4 2 _uhttp://www.loc.gov/catdir/bios/random056/83040321.html
942 _cAEDBB
999 _c18272
_d18272